000 01171cam a2200337 a 4500
001 EDZ0000084968
003 StDuBDS
005 20161031105219.0
006 m||||||||d||||||||
007 cr |||||||||||
008 120516s2003 enka fo| 001|0|eng d
020 _a9781446220108 (ebook) :
_cNo price
040 _aStDuBDS
_beng
_cStDuBDS
_epn
049 _aAlfaisal Main Library
050 0 _aG155.A1
_bF6728 2003
082 0 4 _a338.4791
_223
100 1 _aFranklin, Adrian.
245 1 0 _aTourism
_h[electronic resource] :
_ban introduction /
_cAdrian Franklin.
260 _aLondon :
_bSAGE,
_cc2003.
300 _a1 online resource (viii, 296 p.) :
_bill.
504 _aIncludes bibliographical references and index.
520 8 _aThis is a guide to understanding the theory, practice development and effects of tourism.
521 _aSpecialized.
588 _aDescription based on print version record.
650 0 _aTourism.
655 7 _aElectronic books.
_2local
710 2 _aSage eBooks
776 0 8 _iPrint version :
_z9780761967613
856 4 0 _uhttp://ezproxy.alfaisal.edu/login?url=http://sk.sagepub.com/books/tourism
942 _2lcc
_cEBOOKS
999 _c481848
_d481848